000 00554nam a2200181Ia 4500
008 151018s9999 xx 000 0 und d
082 _bRBASDV59553
_a891.463
100 _aजी पी माळी
245 _aस्मृतीगंध
250 _b1
260 _bआलोक प्रकाशन कोल्हापूर
_c2012
300 _a127
600 _aजी पी माळी
630 _aस्मृतीगंध
700 _aजी पी माळी
730 _aस्मृतीगंध
942 _cBOOK
999 _c1053412
_d1053409